000 00942nam a22003017a 4500
001 BR0401996
003 BR-BrBNA
005 20230928101604.0
007 ta
008 230509b bl.||||| |||| 00| 0 por d
040 _aBR-BrBNA
_bpor
_cBiblioteca Nacional de Agricultura
041 _a(Por)
072 _aM12
090 _ M12 BR0401996
100 1 _aLanda, G.G.
110 1 _aUniversidade Federal de Lavras, MG (Brasil)
_0Tese (Mestrado)
245 1 _aComposição do zooplâncton em quatro represas no campus da Universidade Federal de Lavras: um subsídio à piscicultura
260 3 _aLavras, MG (Brasil):
_c1999.
300 _a227 p.
500 _aSummaries (Eng, Por); Bibliography p. 164-190; 21 tables; 100 illus.
650 _aZOOPLÂNCTON
650 _aCOMPOSIÇÃO QUÍMICA
650 _aPISCICULTURA
650 _aLIMNOLOGIA
650 _aMINAS GERAIS
909 _a202309
_bLucia
_c55
_dLucia Elande
942 _cBK
999 _c66577
_d66577